[Event "HUN-chT2 Erkel 1718"]
[Site "Hungary"]
[Date "2017.10.29"]
[Round "3.7"]
[White "Slezak, Robert"]
[Black "Bognar, Csaba"]
[Result "0-1"]
[WhiteElo "2033"]
[BlackElo "2138"]
[PlyCount "94"]
[EventDate "2017.09.24"]
[EventType "team-tourn"]
[EventRounds "11"]
[EventCountry "HUN"]
[SourceTitle "EXT 2021"]
[Source "ChessBase"]
[SourceDate "2020.10.23"]
[SourceVersion "1"]
[SourceVersionDate "2020.10.23"]
[SourceQuality "1"]
[WhiteTeam "Fot"]
[BlackTeam "Szigetszentmiklos"]
[WhiteTeamCountry "HUN"]
[BlackTeamCountry "HUN"]

1. Nf3 f5 2. c4 Nf6 3. Nc3 g6 4. d4 Bg7 5. e3 d6 6. Bd3 0-0 7. 0-0 Nc6 8. d5 Ne5 9. Nd4 c5 10. Nde2 e6 11. Nf4 Nxd3 12. Qxd3 e5 13. Nfe2 g5 14. f3 Qe7 15. e4 f4 16. Kh1 g4 17. Bd2 Nh5 18. fxg4 Bxg4 19. Be1 Rf7 20. Ng1 Raf8 21. Nf3 Bf6 22. Ne2 Kh8 23. Neg1 Rg8 24. h3 Bc8 25. Rd1 Rfg7 26. Rd2 Rg6 27. Qc2 Rh6 28. Kh2 Qd8 29. a3 Be7 30. b4 cxb4 31. axb4 Nf6 32. Qd3 Qe8 33. Kh1 Qg6 34. Re2 b6 35. Nh2 Nh5 36. Nhf3 Nf6 37. Nh2 Qe8 38. Ra2 a6 39. Rff2 Qg6 40. Rfe2 Nh5 41. Ra1 f3 42. Qxf3 Nf4 43. Rc2 Bxh3 44. g3 Bc8 45. Bd2 Rxh2+ 46. Kxh2 Qh6+ 47. Nh3 Qxh3+ 0-1

[Event "POL-chT 2nd League"]
[Site "Jastrzebia Gora"]
[Date "2016.09.07"]
[Round "5.10"]
[White "Slezak, Robert"]
[Black "Dubinski, Mateusz"]
[Result "0-1"]
[WhiteElo "2134"]
[BlackElo "2241"]
[PlyCount "108"]
[EventDate "2016.09.03"]
[EventType "team-swiss"]
[EventRounds "9"]
[EventCountry "POL"]
[SourceTitle "EXT 2017"]
[Source "ChessBase"]
[SourceDate "2016.10.25"]
[SourceVersion "1"]
[SourceVersionDate "2016.10.25"]
[SourceQuality "1"]
[WhiteTeam "Wieliczka MKS MOS"]
[BlackTeam "Kopernik WKS"]
[WhiteTeamCountry "POL"]
[BlackTeamCountry "POL"]

1. e4 e5 2. Nf3 Nc6 3. Bc4 Nf6 4. d3 Be7 5. 0-0 0-0 6. Re1 d6 7. c3 Na5 8. Bb5 a6 9. Ba4 c5 10. h3 Qc7 11. a3 b5 12. Bc2 Nc6 13. Bg5 h6 14. Bh4 g6 15. Nbd2 Nh5 16. Nf1 Bxh4 17. Nxh4 Nf4 18. Ne3 Qe7 19. Nf3 Qf6 20. Bb3 Ne7 21. Ng4 Qg7 22. Kh2 g5 23. Ng1 Qg6 24. g3 Nxd3 25. Qxd3 c4 26. Qf3 cxb3 27. Nf6+ Kg7 28. Nh5+ Kh8 29. g4 Bb7 30. Rad1 Rad8 31. Nf6 Ng8 32. Nh5 f6 33. Ng3 Ne7 34. Qe3 Rd7 35. Rd2 Rfd8 36. Red1 Qf7 37. Qb6 Qe6 38. N1e2 Nc8 39. Qe3 d5 40. Nf5 Nb6 41. Qc5 Nc4 42. exd5 Qf7 43. d6 Rc8 44. Qb4 Nxd2 45. Rxd2 h5 46. Neg3 Rc4 47. Qxb3 hxg4 48. hxg4 Bf3 49. Rd3 Qh7+ 50. Kg1 Bxg4 51. Ne3 Qxd3 52. Nxg4 Rxg4 53. Qe6 Rxg3+ 54. fxg3 Qxd6 0-1

[Event "CP-2010-Q-00010"]
[Site "LSS email"]
[Date "2012.01.15"]
[Round "?"]
[White "Slezak, Robert"]
[Black "Malichev, Ivan"]
[Result "1/2-1/2"]
[WhiteElo "2139"]
[BlackElo "2090"]
[PlyCount "32"]
[EventDate "2012.01.20"]
[EventType "tourn (corr)"]
[EventRounds "6"]
[EventCountry "GER"]
[SourceTitle "Corr 2015"]
[Source "ChessBase"]
[SourceDate "2015.07.17"]
[SourceVersion "1"]
[SourceVersionDate "2015.07.17"]
[SourceQuality "1"]

1. e4 e5 2. Nf3 Nc6 3. Bc4 Bc5 4. 0-0 d6 5. c3 Qe7 6. d4 Bb6 7. a4 a6 8. h3 Nf6 9. Re1 0-0 10. d5 Nb8 11. a5 Ba7 12. Bd3 h6 13. Bc2 Nbd7 14. Nbd2 Nh5 15. Nc4 Re8 16. Ba4 Rd8 1/2-1/2

[Event "HUN-ch U16"]
[Site "Celldoemoelk"]
[Date "2011.06.27"]
[Round "1"]
[White "Slezak, Robert"]
[Black "Smideliusz, Mark"]
[Result "1/2-1/2"]
[WhiteElo "2110"]
[BlackElo "2010"]
[PlyCount "50"]
[EventDate "2011.06.27"]
[EventType "swiss"]
[EventRounds "7"]
[EventCountry "HUN"]
[SourceTitle "EXT 2012"]
[Source "ChessBase"]
[SourceDate "2011.11.24"]
[SourceVersion "1"]
[SourceVersionDate "2011.11.24"]
[SourceQuality "1"]

1. e4 e5 2. Nf3 Nc6 3. Bb5 a6 4. Ba4 Nf6 5. d4 exd4 6. 0-0 Be7 7. Re1 0-0 8. e5 Nd5 9. Nxd4 Nb6 10. Bxc6 dxc6 11. Bf4 f5 12. e6 Nd5 13. Qd2 Nxf4 14. Qxf4 Bg5 15. Qg3 Qxd4 16. Qxg5 Qxb2 17. Nd2 Qf6 18. Qe3 Qe7 19. Re2 Rf6 20. Rae1 Rxe6 21. Qb3 Kf7 22. Nf3 Kf6 23. Qc3+ Kf7 24. Qb3 Kf6 25. Qc3+ Kf7 1/2-1/2

[Event "BI-2011-P-00006"]
[Site "LSS email"]
[Date "2011.04.17"]
[Round "?"]
[White "Nenciulescu, Silviu Catalin"]
[Black "Slezak, Robert"]
[Result "1/2-1/2"]
[WhiteElo "1956"]
[BlackElo "2164"]
[PlyCount "58"]
[EventDate "2011.04.20"]
[EventType "tourn (corr)"]
[EventRounds "10"]
[EventCountry "GER"]
[SourceTitle "Telechess CBM 151"]
[Source "ChessBase"]
[SourceDate "2012.11.13"]
[SourceVersion "1"]
[SourceVersionDate "2012.11.13"]
[SourceQuality "1"]

1. d4 Nf6 2. c4 e6 3. Nf3 b6 4. g3 Ba6 5. Qa4 Bb7 6. Bg2 c5 7. 0-0 cxd4 8. Nxd4 Bxg2 9. Kxg2 Qc8 10. f3 Nc6 11. Rd1 Ne5 12. b3 a6 13. Bb2 Qb8 14. Nc2 h5 15. Nc3 h4 16. Ba3 Bc5 17. Bxc5 bxc5 18. Qa5 hxg3 19. hxg3 Rh5 20. Rh1 Nc6 21. Rxh5 Nxh5 22. Qxc5 Qxg3+ 23. Kf1 Nf4 24. Qg1 Qh3+ 25. Ke1 Qh6 26. Rd1 Ne5 27. Nd4 Rd8 28. Qg3 Nfg6 29. Qf2 Nf4 1/2-1/2

[Event "BI-2010-F-00003"]
[Site "LSS email"]
[Date "2011.02.21"]
[Round "?"]
[White "Rudenko, Vitaliy"]
[Black "Slezak, Robert"]
[Result "1-0"]
[WhiteElo "2278"]
[BlackElo "2159"]
[PlyCount "131"]
[EventDate "2011.02.24"]
[EventType "tourn (corr)"]
[EventRounds "10"]
[EventCountry "GER"]
[SourceTitle "Telechess CBM 149"]
[Source "ChessBase"]
[SourceDate "2012.07.17"]
[SourceVersion "1"]
[SourceVersionDate "2012.07.17"]
[SourceQuality "1"]
[WhiteTeam "US of America"]
[WhiteTeamCountry "USA"]

1. e4 c5 2. Nf3 d6 3. d4 cxd4 4. Nxd4 Nf6 5. Nc3 a6 6. Be3 e5 7. Nb3 Be6 8. f3 Be7 9. Qd2 0-0 10. 0-0-0 Nbd7 11. g4 b5 12. g5 b4 13. Ne2 Ne8 14. f4 a5 15. f5 a4 16. Nbd4 exd4 17. Nxd4 b3 18. Kb1 bxc2+ 19. Nxc2 Bb3 20. axb3 axb3 21. Na3 Ne5 22. Qg2 Qb8 23. Bf4 Bd8 24. Rd5 Ra5 25. Rxa5 Bxa5 26. h4 Qb4 27. Be2 Bc7 28. Bxe5 dxe5 29. Bc4 Nd6 30. Bd5 Kh8 31. h5 Bd8 32. g6 h6 33. Qe2 Bg5 34. gxf7 Nxf7 35. Rh3 Nd6 36. Rxb3 Qd4 37. Qd3 Qf2 38. Ka2 Qa7 39. Rb4 Rd8 40. Qb3 Kh7 41. Ra4 Qf2 42. Ra8 Rxa8 43. Bxa8 Qa7 44. Bd5 Qc7 45. Qa4 Qb8 46. Qc6 Bd2 47. f6 gxf6 48. Qd7+ Kh8 49. Qe7 Bg5 50. b4 Nxe4 51. Bxe4 f5 52. Qb7 Qxb7 53. Bxb7 Kg7 54. Kb3 Bd8 55. Kc3 Kf6 56. Nc4 e4 57. b5 Kg5 58. Bc8 f4 59. Bb7 Kxh5 60. Bxe4 Kg4 61. Kd3 h5 62. b6 h4 63. Ke2 Kg3 64. b7 Bc7 65. Bf3 h3 66. Nd2 1-0

[Event "BI-2010-F-00003"]
[Site "LSS email"]
[Date "2011.02.21"]
[Round "?"]
[White "Slezak, Robert"]
[Black "Jovanovic, Bratislav"]
[Result "1/2-1/2"]
[WhiteElo "2159"]
[BlackElo "2100"]
[PlyCount "32"]
[EventDate "2011.02.24"]
[EventType "tourn (corr)"]
[EventRounds "10"]
[EventCountry "GER"]
[SourceTitle "Corr 2015"]
[Source "ChessBase"]
[SourceDate "2015.07.17"]
[SourceVersion "1"]
[SourceVersionDate "2015.07.17"]
[SourceQuality "1"]

1. e4 e6 2. d4 d5 3. Nc3 Nf6 4. Bg5 Be7 5. e5 Nfd7 6. Bxe7 Qxe7 7. f4 a6 8. Nf3 c5 9. Qd2 Nc6 10. dxc5 Qxc5 11. Bd3 b5 12. h4 b4 13. Na4 Qa5 14. b3 Nc5 15. Nxc5 Qxc5 16. Rc1 Bb7 1/2-1/2

[Event "BI-2010-F-00003"]
[Site "LSS email"]
[Date "2011.02.21"]
[Round "?"]
[White "Slezak, Robert"]
[Black "Kushnaryov, Andrey"]
[Result "1/2-1/2"]
[WhiteElo "2159"]
[BlackElo "2083"]
[PlyCount "68"]
[EventDate "2011.02.24"]
[EventType "tourn (corr)"]
[EventRounds "10"]
[EventCountry "GER"]
[SourceTitle "Telechess CBM 149"]
[Source "ChessBase"]
[SourceDate "2012.07.17"]
[SourceVersion "1"]
[SourceVersionDate "2012.07.17"]
[SourceQuality "1"]

1. e4 c6 2. d4 d5 3. e5 Bf5 4. Be3 e6 5. Nd2 Nd7 6. f4 c5 7. Ngf3 Qb6 8. Qc1 Nh6 9. Be2 Bg6 10. a4 Qd8 11. dxc5 Nf5 12. Bf2 Bxc5 13. 0-0 0-0 14. Nb3 Bxf2+ 15. Rxf2 a6 16. c3 Re8 17. g4 Ne7 18. Nfd4 Be4 19. Qe3 h6 20. Nd2 Bh7 21. b4 Nc6 22. N2b3 Qe7 23. Nf3 Bc2 24. Nfd2 Rec8 25. b5 axb5 26. axb5 Nd8 27. Rxa8 Rxa8 28. Nd4 Bh7 29. Rf1 Ra3 30. Re1 b6 31. f5 Nb7 32. Nc6 Qc5 33. Qxc5 Nbxc5 34. Nf3 g6 1/2-1/2

[Event "BI-2010-F-00003"]
[Site "LSS email"]
[Date "2011.02.21"]
[Round "?"]
[White "Slezak, Robert"]
[Black "Roggensack, Hans Peter"]
[Result "0-1"]
[WhiteElo "2177"]
[BlackElo "2152"]
[PlyCount "80"]
[EventDate "2011.02.24"]
[EventType "tourn (corr)"]
[EventRounds "10"]
[EventCountry "GER"]
[SourceTitle "Corr 2022"]
[Source "ChessBase"]
[SourceDate "2021.10.24"]
[SourceVersion "1"]
[SourceVersionDate "2021.10.24"]
[SourceQuality "1"]

1. e4 e5 2. Nf3 Nf6 3. Nxe5 d6 4. Nf3 Nxe4 5. Nc3 Nxc3 6. dxc3 Be7 7. Bf4 0-0 8. Qd2 Nd7 9. 0-0-0 Re8 10. Kb1 Nc5 11. Be3 c6 12. Qc1 Qc7 13. Nd4 b5 14. Be2 d5 15. h3 a5 16. Rhe1 Bd7 17. Bf4 Qb6 18. Bg4 b4 19. Bxd7 Nxd7 20. Nf5 Bf8 21. Rxe8 Rxe8 22. Be3 c5 23. Bd2 g6 24. cxb4 gxf5 25. bxa5 Qa6 26. Re1 Rb8 27. Re3 Bg7 28. Rg3 Kh8 29. Rb3 Re8 30. Re3 Rxe3 31. fxe3 Nf6 32. Qd1 Kg8 33. Bc3 Ne4 34. Bxg7 Kxg7 35. Qe1 Kf6 36. a3 Ke6 37. Kc1 Kd7 38. h4 Kc7 39. c3 Qd3 40. h5 c4 0-1

[Event "LSS SA-2010-0-00153"]
[Site "LSS email"]
[Date "2010.09.22"]
[Round "?"]
[White "Slezak, Robert"]
[Black "Sciarretta, Robert W"]
[Result "1-0"]
[WhiteElo "2160"]
[BlackElo "2220"]
[PlyCount "113"]
[EventDate "2010.09.03"]
[EventType "tourn (corr)"]
[EventRounds "6"]
[EventCountry "GER"]
[SourceTitle "Telechess CBM 157"]
[Source "ChessBase"]
[SourceDate "2013.11.12"]
[SourceVersion "1"]
[SourceVersionDate "2013.11.12"]
[SourceQuality "1"]

1. e4 c5 2. Nf3 Nc6 3. d4 cxd4 4. Nxd4 g6 5. c4 Bg7 6. Be3 Nf6 7. Nc3 0-0 8. Be2 d6 9. 0-0 Bd7 10. Nc2 Rc8 11. f3 Qa5 12. Qd2 Rfe8 13. Rfc1 Nh5 14. Rab1 Bxc3 15. bxc3 Qc7 16. Nb4 Ne5 17. Nd5 Qb8 18. Bg5 f6 19. g4 fxg5 20. gxh5 Nf7 21. h4 gxh4 22. Kh1 g5 23. Rg1 Kh8 24. Rxg5 Nxg5 25. Qxg5 Bc6 26. h6 Rg8 27. Qxe7 Rg6 28. Nf4 Rcg8 29. Nxg6+ hxg6 30. Rg1 Qe8 31. Qxd6 Kh7 32. Qf6 Bd7 33. Qxh4 Qe5 34. Qg5 Qxg5 35. Rxg5 Kxh6 36. Ra5 a6 37. Kg2 Kg7 38. Kf2 Bc6 39. Ke3 Rh8 40. Rg5 Rh3 41. Rg1 Kf6 42. a3 g5 43. c5 a5 44. Kd4 Rh2 45. Bc4 Rf2 46. Bd5 Rd2+ 47. Kc4 Rf2 48. Kb3 a4+ 49. Kc4 Re2 50. Bxc6 bxc6 51. Kb4 Re3 52. Rg3 Rd3 53. Kxa4 Rxc3 54. Kb4 Rc2 55. a4 Rb2+ 56. Ka5 Rc2 57. Kb6 1-0

[Event "LSS SA-2010-0-00140"]
[Site "LSS email"]
[Date "2010.07.09"]
[Round "?"]
[White "Rolle, Hannes"]
[Black "Slezak, Robert"]
[Result "1/2-1/2"]
[WhiteElo "2125"]
[BlackElo "2083"]
[PlyCount "109"]
[EventDate "2010.06.15"]
[EventType "tourn (corr)"]
[EventRounds "6"]
[EventCountry "GER"]
[SourceTitle "Telechess CBM 143"]
[Source "ChessBase"]
[SourceDate "2011.07.15"]
[SourceVersion "1"]
[SourceVersionDate "2011.07.15"]
[SourceQuality "1"]

1. e4 c5 2. Nf3 d6 3. d4 cxd4 4. Nxd4 Nf6 5. Nc3 a6 6. Be3 e5 7. Nb3 Be6 8. Be2 Be7 9. 0-0 0-0 10. Qd2 Nbd7 11. a4 Rc8 12. a5 Qc7 13. Rfd1 Rfd8 14. Nc1 Nc5 15. Nd5 Bxd5 16. exd5 Nfe4 17. Qe1 f5 18. Nd3 Nd7 19. Rac1 Bg5 20. Bxg5 Nxg5 21. c4 Nf6 22. b4 Nf7 23. Qd2 Qe7 24. Qb2 Rc7 25. Qa3 Kh8 26. Qb3 Rdc8 27. Nb2 e4 28. Na4 f4 29. c5 Re8 30. cxd6 Nxd6 31. Rxc7 Qxc7 32. Nc5 Qf7 33. Ne6 f3 34. gxf3 Qg6+ 35. Kh1 Qh5 36. Qe3 Qf5 37. Qf4 Qxf4 38. Nxf4 Re5 39. Ne6 Rxd5 40. Rxd5 Nxd5 41. fxe4 Nxb4 42. e5 Nf7 43. f4 Nc6 44. Kg2 Nxa5 45. Kf3 g5 46. Nxg5 Nxg5+ 47. fxg5 Nc6 48. Ke4 h6 49. h4 Kg7 50. e6 hxg5 51. hxg5 Kf8 52. Bc4 b5 53. Bd5 Ne7 54. Kd4 a5 55. Be4 1/2-1/2

[Event "LSS SA-2010-0-00140"]
[Site "LSS email"]
[Date "2010.07.09"]
[Round "?"]
[White "Sciarretta, Robert W"]
[Black "Slezak, Robert"]
[Result "1-0"]
[WhiteElo "2111"]
[BlackElo "2048"]
[PlyCount "119"]
[EventDate "2010.06.15"]
[EventType "tourn (corr)"]
[EventRounds "6"]
[EventCountry "GER"]
[SourceTitle "Telechess CBM 143"]
[Source "ChessBase"]
[SourceDate "2011.07.15"]
[SourceVersion "1"]
[SourceVersionDate "2011.07.15"]
[SourceQuality "1"]

1. d4 Nf6 2. c4 g6 3. Nc3 d5 4. Bf4 Bg7 5. e3 c5 6. dxc5 Qa5 7. Rc1 dxc4 8. Bxc4 0-0 9. Nf3 Qxc5 10. Bb3 Nc6 11. 0-0 Qa5 12. h3 Bf5 13. Qe2 Ne4 14. Nd5 e5 15. Bh2 Be6 16. Qc4 Nd6 17. Qc5 Qxc5 18. Rxc5 Ne4 19. Rxc6 bxc6 20. Ne7+ Kh8 21. Bxe6 fxe6 22. Nxc6 Rac8 23. Nfxe5 Bh6 24. a4 Rxf2 25. Rxf2 Bxe3 26. Ng4 Nxf2 27. Nxe3 Nxh3+ 28. gxh3 Rxc6 29. Be5+ Kg8 30. b4 Rc1+ 31. Kf2 Rh1 32. b5 Rxh3 33. Bd4 Rh4 34. Bxa7 Rxa4 35. b6 Rb4 36. Ke2 Kf7 37. Kd3 Ke7 38. Nc2 Rb1 39. Na3 Rb3+ 40. Kc4 Rxa3 41. b7 Rxa7 42. b8Q Rd7 43. Qh8 Rd5 44. Qg7+ Kd6 45. Qxh7 g5 46. Qg7 Ra5 47. Qf6 Kd7 48. Qf7+ Kd6 49. Qe8 Ke5 50. Qe7 Ra4+ 51. Kc5 Rg4 52. Kc6 Rg2 53. Kd7 Rd2+ 54. Ke8 Rg2 55. Qf7 g4 56. Ke7 Rg3 57. Qxe6+ Kf4 58. Kf6 Rg2 59. Qe1 Kf3 60. Kf5 1-0

[Event "LSS SA-2010-0-00140"]
[Site "LSS email"]
[Date "2010.07.09"]
[Round "?"]
[White "Slezak, Robert"]
[Black "Szabo, Mihaly"]
[Result "0-1"]
[WhiteElo "2082"]
[BlackElo "2099"]
[PlyCount "96"]
[EventDate "2010.06.15"]
[EventType "tourn (corr)"]
[EventRounds "6"]
[EventCountry "GER"]
[SourceTitle "Telechess CBM 143"]
[Source "ChessBase"]
[SourceDate "2011.07.15"]
[SourceVersion "1"]
[SourceVersionDate "2011.07.15"]
[SourceQuality "1"]

1. e4 e6 2. d4 d5 3. Nc3 Nf6 4. Bg5 Be7 5. e5 Nfd7 6. h4 Bxg5 7. hxg5 Qxg5 8. Qd3 h6 9. Nh3 Qe7 10. 0-0-0 c5 11. f4 a6 12. dxc5 Nc6 13. Qg3 Kf8 14. Na4 Nxc5 15. Nb6 Rb8 16. Qe3 Nd7 17. Kb1 Nxb6 18. Qxb6 Qd8 19. Qe3 Bd7 20. g4 Kg8 21. Ng1 b5 22. Bd3 Qa5 23. Nf3 Nb4 24. a3 Nxd3 25. Rxd3 Qd8 26. Qa7 a5 27. g5 h5 28. f5 b4 29. axb4 axb4 30. g6 fxg6 31. fxe6 Bxe6 32. Ng5 Qxg5 33. Qxb8+ Kh7 34. Qxb4 Rc8 35. Rc3 Qd2 36. Qa3 Rxc3 37. Qxc3 Qxc3 38. bxc3 Kh6 39. Kc1 g5 40. Kd2 g4 41. Ke3 Kg5 42. Ra1 h4 43. Ra7 g6 44. Rh7 h3 45. Rh8 Bf5 46. Rh7 g3 47. Kf3 g2 48. Kf2 Kf4 0-1

[Event "HUN-ch U16"]
[Site "Budapest"]
[Date "2010.06.29"]
[Round "4"]
[White "Slezak, Robert"]
[Black "Ruboczki, Tibor"]
[Result "1/2-1/2"]
[WhiteElo "2085"]
[BlackElo "1803"]
[PlyCount "33"]
[EventDate "2010.06.26"]
[EventType "swiss"]
[EventRounds "9"]
[EventCountry "HUN"]
[SourceTitle "CBM 137 Extra"]
[Source "ChessBase"]
[SourceDate "2010.09.01"]
[SourceVersion "1"]
[SourceVersionDate "2010.09.01"]
[SourceQuality "1"]

1. e4 e6 2. d4 d5 3. exd5 exd5 4. Nf3 Bg4 5. h3 Bxf3 6. Qxf3 Bd6 7. Bd3 Ne7 8. 0-0 0-0 9. Qh5 Ng6 10. Bg5 Qd7 11. Nd2 Nc6 12. c3 h6 13. Nf3 Nf4 14. Bxf4 Bxf4 15. Ne5 Nxe5 16. dxe5 g6 17. Qh4 1/2-1/2